|
|
|
|
| LEADER |
01665nam a2200385 i 4500 |
| 001 |
EBC5601182 |
| 003 |
MiAaPQ |
| 005 |
20200218090716.0 |
| 006 |
m o d | |
| 007 |
cr cnu|||||||| |
| 008 |
200218s2018 ph ab o 000 0 eng d |
| 020 |
|
|
|z 9789292613549
|
| 020 |
|
|
|a 9789292613518 (e-book)
|
| 035 |
|
|
|a (MiAaPQ)EBC5601182
|
| 035 |
|
|
|a (Au-PeEL)EBL5601182
|
| 035 |
|
|
|a (CaPaEBR)ebr11638439
|
| 035 |
|
|
|a (OCoLC)1076269428
|
| 040 |
|
|
|a MiAaPQ
|b eng
|e rda
|e pn
|c MiAaPQ
|d MiAaPQ
|
| 043 |
|
|
|a a------
|
| 050 |
|
4 |
|a HC412
|b .A853 2018
|
| 082 |
0 |
|
|a 337.15
|2 23
|
| 245 |
0 |
0 |
|a Asian economic integration report 2018 :
|b toward optimal provision of regional public goods in Asia and the Pacific.
|
| 264 |
|
1 |
|a Metro Manila, Philippines :
|b Asian Development Bank,
|c [2018]
|
| 264 |
|
4 |
|c 2018
|
| 300 |
|
|
|a 1 online resource (xviii, 193 pages) :
|b illustrations, maps
|
| 336 |
|
|
|a text
|b txt
|2 rdacontent
|
| 337 |
|
|
|a computer
|b c
|2 rdamedia
|
| 338 |
|
|
|a online resource
|b cr
|2 rdacarrier
|
| 588 |
|
|
|a Description based on print version record.
|
| 590 |
|
|
|a Electronic reproduction. Ann Arbor, MI : ProQuest, 2018. Available via World Wide Web. Access may be limited to ProQuest affiliated libraries.
|
| 651 |
|
0 |
|a Asia
|x Economic integration.
|
| 655 |
|
4 |
|a Electronic books.
|
| 776 |
0 |
8 |
|i Print version:
|t Asian economic integration report 2018 : toward optimal provision of regional public goods in Asia and the Pacific.
|d Metro Manila, Philippines : Asian Development Bank, c2018
|h xviii, 193 pages
|z 9789292613549
|
| 797 |
2 |
|
|a ProQuest (Firm)
|
| 856 |
4 |
0 |
|u https://ebookcentral.proquest.com/lib/matrademy/detail.action?docID=5601182
|z Click to View
|